000 00567nam a2200217 i 4500
001 C2-0297338
003 PPAK
005 20180729000755.0
008 090518s2005 my |||| ||||| | eng d
040 _aPPAK
_beng
_cPPAK
_erda
245 0 0 _aNight watch
264 1 _aKuala Lumpur :
_bMovie Magic ,
_c2005
336 _2rdacontent
_atext
337 _2rdamedia
_aunmediated
338 _2rdacarrier
_avolume
500 _aVCD 3099/09
700 _eauthor
700 1 _aBekmambetov, Timur,
_ecompile
700 1 _aKiselev, Dmitri,
_eeditor
942 _2ddc
_cVCD
999 _c165671
_d165671